Les aliments - Statistiques

Statistiques générales
  • Ce quiz a été pris 1 574 fois
  • Le résultat moyen est 8 sur 12
Statistiques - réponses
Hint Réponse % Correct
Ça nage Poisson
88%
C’est Un fast Food Connu Burger
85%
C’est une boisson gazeuse très connue Coca Cola
85%
C’est un fruit connu Pomme
85%
C’est un gros animal Boeuf
74%
Ça Soigne la toux Miel
74%
C’est Indispensable Eau
70%
C’est Sucré Bonbons
69%
C’est composé et froit Salade
59%
C’est une boisson anglaise Thé
59%
C’est francais Pain
41%
C’est un animal Escargot
37%
Aucun quiz correspondant
Distribution des résultats
% des personnes avec chaque résultat
Percentile par nombre de réponses
Votre historique - résultats
Vous n’avez pas pris ce quiz